Film : (Record no. 24796)
[ view plain ]
| 000 -LEADER | |
|---|---|
| fixed length control field | 00686nam a2200241 a 4500 |
| 005 - DATE AND TIME OF LATEST TRANSACTION | |
| control field | 20140310183541.0 |
| 008 - FIXED-LENGTH DATA ELEMENTS--GENERAL INFORMATION | |
| fixed length control field | 111018s19uu xx 00 eng d |
| 010 ## - LIBRARY OF CONGRESS CONTROL NUMBER | |
| LC control number | 2010036088 |
| 020 ## - INTERNATIONAL STANDARD BOOK NUMBER | |
| International Standard Book Number | 9781856697200 |
| 050 ## - LIBRARY OF CONGRESS CALL NUMBER | |
| Classification number | PN 1994 |
| Item number | .P663 2011 |
| 100 ## - MAIN ENTRY--PERSONAL NAME | |
| Personal name | Pramaggiore, Maria, 1960- |
| 245 ## - TITLE STATEMENT | |
| Title | Film : |
| Remainder of title | a critical introduction / |
| Statement of responsibility, etc | Maria Pramaggiore, Tom Wallis. |
| 250 ## - EDITION STATEMENT | |
| Edition statement | 3rd ed. |
| 260 ## - PUBLICATION, DISTRIBUTION, ETC. (IMPRINT) | |
| Place of publication, distribution, etc | London, UK : |
| Name of publisher, distributor, etc | Laurence King Publishing, |
| Date of publication, distribution, etc | 2011. |
| 300 ## - PHYSICAL DESCRIPTION | |
| Extent | xi, 468 p. : |
| Other physical details | col. ill. ; |
| Dimensions | 26 cm. |
| 521 ## - TARGET AUDIENCE NOTE | |
| Target audience note | |
| 650 ## - SUBJECT ADDED ENTRY--TOPICAL TERM | |
| Topical term or geographic name as entry element | Motion pictures |
| 650 ## - SUBJECT ADDED ENTRY--TOPICAL TERM | |
| Topical term or geographic name as entry element | Cinematography |
| 650 ## - SUBJECT ADDED ENTRY--TOPICAL TERM | |
| Topical term or geographic name as entry element | Film criticism |
| 700 ## - ADDED ENTRY--PERSONAL NAME | |
| Personal name | Wallis, Tom |
| 942 ## - ADDED ENTRY ELEMENTS (KOHA) | |
| Koha item type | Books |
| Source of classification or shelving scheme | Library of Congress Classification |
| Call number prefix | Foreign |
| Withdrawn status | Lost status | Source of classification or shelving scheme | Damaged status | Home library | Current library | Shelving location | Date acquired | Source of acquisition | Total Checkouts | Total Renewals | Full call number | Barcode | Date last seen | Date checked out | Copy number | Price effective from | Koha item type |
|---|---|---|---|---|---|---|---|---|---|---|---|---|---|---|---|---|---|
| Library of Congress Classification | Archives | Archives | 10/18/2011 | Donation | 1 | 10 | PN 1994 .P663 2011 | C13284 | 05/15/2018 | 03/10/2015 | 1 | 03/10/2014 | Books |